书目信息 |
| 题名: |
新编电路分析基础题解
|
|
| 作者: | 黄冠斌 , 孙亲锡 编著 | |
| 分册: | ||
| 出版信息: | 武汉 华中科技大学出版社 2005.09 |
|
| 页数: | 393页 | |
| 开本: | 21cm | |
| 丛书名: | 经典教材辅导用书 | |
| 单 册: | ||
| 中图分类: | TM133 | |
| 科图分类: | ||
| 主题词: | 电路分析--dian lu fen xi--解题--高等学校--教学参考资料 | |
| 电子资源: | ||
| ISBN: | 7-5609-3396-3 | |
| 000 | 01126nam 2200277 450 | |
| 001 | 012006707735 | |
| 005 | 20061019091919.78 | |
| 010 | @a7-5609-3396-3@dCNY17.80 | |
| 100 | @a20061006d2005 km y0chiy0120 ea | |
| 101 | 0 | @achi |
| 102 | @aCN@b420000 | |
| 105 | @aa z 000yy | |
| 200 | 1 | @a新编电路分析基础题解@Axin bian dian lu fen xi ji chu ti jie@f黄冠斌, 孙亲锡编著@Fhuang guan bin,sun qin xi bian zhu |
| 210 | @a武汉@c华中科技大学出版社@d2005.09 | |
| 215 | @a393页@c图@d21cm | |
| 225 | 2 | @a经典教材辅导用书@Ajing dian jiao cai fu dao yong shu@i电工系列丛书 |
| 300 | @a高教社《电路分析基础》(第三版)(李瀚荪主编)学习指导、习题选解、考研真题题解 | |
| 330 | @a本书对高等教育出版社出版的《电路分析基础》(第三版)中的部分习题进行解答,本书的每章内容由内容提要与学习指导、习题选解、试题分析三个部分组成。 | |
| 410 | 0 | @12001 @a经典教材辅导用书 |
| 410 | 0 | @12001 @a电工系列丛书 |
| 606 | 0 | @a电路分析@Adian lu fen xi@x解题@x高等学校@j教学参考资料 |
| 690 | @aTM133@v4 | |
| 701 | 0 | @a黄冠斌@Ahuang guan bin@4编著 |
| 701 | 0 | @a孙亲锡@Asun qin xi@4编著 |
| 801 | 0 | @aCN@bQSSK@c20061019 |
| 905 | @a10447@dTM133@eH830 | |
| 新编电路分析基础题解/黄冠斌, 孙亲锡编著.-武汉:华中科技大学出版社,2005.09 |
| 393页:图;21cm.-(经典教材辅导用书.电工系列丛书) |
| 高教社《电路分析基础》(第三版)(李瀚荪主编)学习指导、习题选解、考研真题题解 |
| ISBN 7-5609-3396-3:CNY17.80 |
| 本书对高等教育出版社出版的《电路分析基础》(第三版)中的部分习题进行解答,本书的每章内容由内容提要与学习指导、习题选解、试题分析三个部分组成。 |
| ● |
| 相关链接 |
|
|
|
正题名:新编电路分析基础题解
索取号:TM133/H830
 
预约/预借
| 序号 | 登录号 | 条形码 | 馆藏地/架位号 | 状态 | 备注 |
| 1 | 222798 | 202227982 | 自科二线504/504自科库 9排4列4层/ [索取号:TM133/H830] | 在馆 | |
| 2 | 222799 | 202227991 | 自科二线504/504自科库 9排4列4层/ [索取号:TM133/H830] | 在馆 | |
| 3 | 222800 | 202228008 | 自科二线504/504自科库 9排4列4层/ [索取号:TM133/H830] | 在馆 |